00317nam a2200133Ia 4500008004100000041000800041082000800049100001000057245005400067260002800121300000800149365001600157700001000173230612s9999 xx 000 0 und d aeng aJAI aJaico aJaico Illustrated Encyclopedia Of Technical Terms c1991bJaico Publication a264 cRs.b128.80 aJaico